Dạy văn, học văn /

Bewaard in:
Bibliografische gegevens
Hoofdauteur: Đặng Hiển
Formaat: Sách giấy
Taal:Vietnamese
Gepubliceerd in: H. : Đại học Sư phạm, 2005
Onderwerpen:
Tags: Voeg label toe
Geen labels, Wees de eerste die dit record labelt!
Thư viện lưu trữ: Thư viện Trường Đại học Đà Lạt
LEADER 00668nam a2200289 4500
001 DLU060052215
005 ##20060406
040 # # |a DLU  |b vie 
041 # # |a vie 
044 # # |a vn 
082 # # |a 807  |b DA-H 
100 # # |a Đặng Hiển 
245 # # |a Dạy văn, học văn /  |c Đặng Hiển 
260 # # |a H. :  |b Đại học Sư phạm,  |c 2005 
300 # # |a 778 tr. ;  |c 21 cm 
653 # # |a Phương pháp sư phạm 
653 # # |a Văn học 
923 # # |a 02/2006 
992 # # |a 135.000 
994 # # |a DLU 
900 # # |a True 
911 # # |a Đào Thị Thu Huyền 
925 # # |a G 
926 # # |a A 
927 # # |a SH 
980 # # |a Thư viện Trường Đại học Đà Lạt